000 00841nam a22002177i 4500
999 _c23352
_d23352
003 AR-CdUCM
008 250811b20222022 pe||||| |||| 00| 0 spa d
040 _aMUNICIPALIDAD PROVINCIAL DEL CUSCO
_cBIBLIOTECA MUNICIPAL DEL CUSCO
041 _hspa
082 _a331.34 / O41
_bO41
100 _aOlave Valencia. Danny
_951327
245 _a Kausaymanta kausayniykipaq - De la vida para tu vida :
_bEmprendimiento de jóvenes comprometidos con el desarrollo de su territorio /
260 _aCusco :
_bDannys Graff E.I.R.L.
_c2022
300 _a80 páginas. :
_bIlustraciones
_c21x15 cm.
500 _zPágina 80 :
505 _aCasita Huaran -- Proyecto Kausaymanta kausayniykipaq -- Emprendimientos de jóvenes
650 _aemprendimientos
_951328
650 _aCasita Huarán
_951329
942 _2ddc
_cLIBROS
945 _apbjr
_d11-08-2025